The Tinder-Box
| Format: | Book |
|---|---|
| Language: | English |
| Published: |
Ginn And Company ,
1984
|
| Series: | Once Upon A Time 5-8
|
| Subjects: |
MARC
| LEADER | 00000cam a2200000 7i4500 | ||
|---|---|---|---|
| 001 | 0000094327 | ||
| 005 | 20120613.0 | ||
| 008 | 100526 eng | ||
| 020 | |a 060222683X | ||
| 090 | 0 | 0 | |a JF SER |
| 245 | 1 | 0 | |a The Tinder-Box |c Told By Cliff Moon |
| 260 | |b Ginn And Company , |c 1984 | ||
| 300 | |a 24p : |b col.ill ; |c 22cm. | ||
| 440 | 0 | |a Once Upon A Time 5-8 | |
| 650 | 0 | 0 | |a Junior Fictions |
| 999 | |a 0000126153 |b Buku |c Koleksi Pinjaman Kanak-Kanak |e Perpustakaan Cawangan Masjid Tanah | ||
| 999 | |a 581 |b Buku |c Koleksi Pinjaman Kanak-Kanak |e Perpustakaan Cawangan Masjid Tanah | ||